| 000 | 01153cad a22002055a 4500 | ||
|---|---|---|---|
| 001 | L153418 | ||
| 008 | 110722s2011 xxk 000 0 eng d | ||
| 035 | _a(Sirsi) u153418 | ||
| 041 | 0 | _aeng | |
| 110 | 2 |
_aCompetitive Advantage Consultancy Limited _95972 |
|
| 245 | 0 | 4 |
_aThe CIMCIG Report 2011 _bresearch findings : construction industry engagement with the consumer _h[electronic resource] |
| 260 |
_aCamberley _bCAC Ltd _c2011 |
||
| 520 | _aCIMCIG commissioned this report to gain a better understanding of how the construction industry was responding to the opportunities to supply sustainable products and services to homeowners. Research was conducted amongst 100 manufacturers and 50 installers identified from the 2011 Ecobuild exhibitors list and from web searches; references to the Green Deal. | ||
| 590 | _aKA NTK | ||
| 651 | 4 |
_aUnited Kingdom _y |
|
| 690 | _aBUILT ENVIRONMENT-SUSTAINABLE CONSTRUCTION | ||
| 710 |
_aChartered Institute of Marketing Construction Industry Group _95964 |
||
| 856 | 4 | 0 |
_uhttps://www.cimcig.org/files/library/Research_Findings_Co_1309190812.pdf _zView this item free of charge at www.cimcig.org |
| 942 | _n0 | ||
| 999 |
_c112507 _d112507 |
||